00878cam a22002531 4500001001300000003000400013005001700017008004100034010001700075035001900092040004400111042001200155050002800167082001300195086002200208100003600230245009000266260002900356300002200385490009100407500005600498650005500554999001500609agr39000751 DLC20260227110958.0820205s1939 dcu f000 0 eng c aagr39000751  a(OCoLC)8129708 aU.S. Dept. of agr. LibrarycVidVidDLC apremarc00aZ5073b.U57 no. 24 1939 a016.63 s0 aA 17.8:no.24 ed.21 aEdwards, Everett Eugene,d1900-10aSelected references on the history of English agriculture.cBy Everett E. Edwards ... aWashington, D.C.c[1939] av, 105 p.c27 cm.0 aU.S. Dept. of Agriculture. Library. Bibliographical contributionsvno. 24. (Edition 2) aContribution from Bureau of Agricultural Economics. 0aAgriculturezGreat BritainxHistoryvBibliography. c9989d9989